Career counselor (Record no. 5146)

000 -LEADER
fixed length control field 00357pab a2200157 454500
008 - FIXED-LENGTH DATA ELEMENTS--GENERAL INFORMATION
fixed length control field 180718b1985 xxu||||| |||| 00| 0 eng d
100 ## - MAIN ENTRY--PERSONAL NAME
Personal name Foxman , Loretta D.
245 ## - TITLE STATEMENT
Title Career counselor
260 ## - PUBLICATION, DISTRIBUTION, ETC.
Date of publication, distribution, etc. 1985
300 ## - PHYSICAL DESCRIPTION
Extent 26-7
362 ## - DATES OF PUBLICATION AND/OR SEQUENTIAL DESIGNATION
Dates of publication and/or sequential designation Sept.
650 ## - SUBJECT ADDED ENTRY--TOPICAL TERM
Topical term or geographic name entry element Career Service
700 ## - ADDED ENTRY--PERSONAL NAME
Personal name Walter L. Polsky
773 ## - HOST ITEM ENTRY
Main entry heading Personnel Journal
909 ## -
-- 5146
Holdings
Withdrawn status Lost status Damaged status Not for loan Permanent Location Current Location Date acquired Serial Enumeration / chronology Barcode Date last seen Price effective from Koha item type
        Indian Institute of Public Administration Indian Institute of Public Administration 2018-07-19 Volume no: 64, Issue no: 9 AR5152 2018-07-19 2018-07-19 Articles

Powered by Koha